000 00958nam a2200229 a 4500
001 000251134
003 AM-YeHGA
005 20250618071702.0
008 030729s1908 ai 000 | arm d
040 _aAM-YeHGA
100 1 _aՏոլստոյ, Լև Նիկոլաևիչ,
_d1828-1910
_96686
245 1 0 _aԺողովրդական պատմուածքներ /
_cԼ.Ն. Տոլստոյ; Թարգմ.՝ Ա.Մ.
260 _aԹիֆլիս :
_bտպ. Ն. Աղանեանցի,
_c1908.
300 _aՊր. ;
_c20 սմ.
440 0 _aԱւետիս Պօղոսեանի հրատ. ֆոնդ
_v№ 2 (Պր. Ա.)
440 0 _aԺողովրդական գրադարան
_v№ 2 (Պր. Բ.)
_95644
500 _aՀեղինակի ծննդ. 80 ամեայ յօբելեանի առիթով
505 1 0 _gՊր. Ա. (1908, 128 էջ)
_gՊր. Բ. (1908, 70 էջ)
650 1 4 _aՌուս գրականություն
_xՊատմվածք
_94645
700 0 _aԱ.Մ.
_eթարգմ.
_4trl
090 _c91298
999 _c90009
_d90009